00451 2200169 4500001002100000005001500021008004100036020002200077035001900099082001100118090001700129100002700146245004600173250000600219260002900225300002700254INLIS00000000000850520241224113648241224||||||||| | ||| |||| ||  a978-979-3407-50-0 0010-12240085050 a297.31 a297.31 AHM p0 aAbu Amr Ahmad Sulaiman00aPanduan Mendidik Anak Muslim Usia Sekolah a2 aJakartabDarul Haqc2013 axxiv + 166 hlm.; 21 cm